000 00737nam a2200205Ii 4500
003 JO-AjNU
008 230605s9999||||xx |||||||||||||| ||und||
040 _aJO-AjNU
_bara
_erda
_cJO-AjNU
041 _aara
050 1 4 _aHE369 .M34. 1998
100 3 _aمخلف،شاكر الحاج,
_eauthor
_910462
245 0 0 _aدراسة في الاعلام والتوعية المرورية
250 _aط1
264 3 1 _aدمشق:دار علاء الدين،1998
300 _a327ص
_bيحتوي على جداول وصور توضيحية
336 _atext
_btxt
_2rdacontent
337 _aunmediated
_bn
_2rdamedia
338 _avolume
_bnc
_2rdacarrier
650 4 _aعلامات وإشارات المرور -قيادة السيارات
_910463
999 _aA1818
_c5386
_d5386